000 02302nam0a2200349 4500
001 RU\NLR\BIBL_A\022359307
005 20241107141115.0
010 _a978-5-907817-31-9
_9500
021 _aRU
_bКН-П-24-052807
_9КН-П-24-5254
035 _a(NLR Aleph) 022359307
090 _a13261138
_c13261138
100 _a20241021d2024 u y0rusy50 ca
101 0 _arus
102 _aRU
105 _aa|||j|||000yy
181 0 _ai3
_baxxe
182 0 _an
200 1 _aКомпьютерная графика и проектирование
_eучебное пособие
_eдля обучающихся по направлению подготовки 35.03.06 - Агроинженерия
_fС. В. Белоусов, С. К. Папуша
_gМинистерство сельского хозяйства Российской Федерации, Федеральное государственное бюджетное образовательное учреждение высшего образования "Кубанский государственный аграрный университет имени И. Т. Трубилина"
203 _aТекст
_bвизуальный
_cнепосредственный
210 _aКраснодар
_cКубГАУ
_d2024
215 _a184 с.
_cил., табл.
_d29
320 _aБиблиогр.: с. 180-182 (36 назв.)
606 1 _aЧертежи
_jУчебные издания для высших учебных заведений
_xВыполнение на компьютерах
_92167408
_3RU\NLR\AUTH\661304001
606 1 _aКОМПАС-3D, система автоматизированного проектирования
_jУчебные издания для высших учебных заведений
_92351087
_3RU\NLR\AUTH\661404608
686 1 _aЖ11-5-05я73-1
686 1 _aЖ2-5-05я73-1
700 1 _aБелоусов
_bС. В.
_cпреподаватель, агроинженерия
_gСергей Витальевич
_9227449
_3RU\NLR\AUTH\770227505
701 1 _aПапуша
_bС. К.
_cканд. техн. наук
_gСергей Константинович
_9227447
_3RU\NLR\AUTH\770227503
942 _cBOOK
980 _aNB